[Event "VIE-ch"]
[Site "Ho Chi Minh City"]
[Date "2019.05.07"]
[Round "7"]
[White "Nguyen, Quoc Hy"]
[Black "Tu, Hoang Thong"]
[Result "1/2-1/2"]
[WhiteElo "2182"]
[BlackElo "2396"]
[PlyCount "64"]
[EventDate "2019.05.02"]
[EventType "swiss"]
[EventRounds "9"]
[EventCountry "VIE"]
[SourceTitle "CBM 190 Extra"]
[Source "ChessBase"]
[SourceDate "2019.07.15"]
[SourceVersion "1"]
[SourceVersionDate "2019.07.15"]
[SourceQuality "1"]

1. d4 f5 2. Nc3 d5 3. Nf3 e6 4. Bf4 Nf6 5. e3 a6 6. Bd3 c5 7. 0-0 Nc6 8. b3 Bd6 9. Bxd6 Qxd6 10. Na4 c4 11. bxc4 dxc4 12. Be2 b5 13. Nc5 0-0 14. a4 Rb8 15. c3 Nd5 16. Qc1 e5 17. axb5 axb5 18. Qa3 e4 19. Nd2 Qh6 20. Nxc4 bxc4 21. Bxc4 Rd8 22. Bxd5+ Rxd5 23. Rfb1 Rxb1+ 24. Rxb1 Rd8 25. Rb6 f4 26. exf4 Kh8 27. h3 Bxh3 28. gxh3 Qxh3 29. Qc1 Qg4+ 30. Kf1 Qh3+ 31. Kg1 Qg4+ 32. Kf1 Qh3+ 1/2-1/2

[Event "VIE-ch"]
[Site "Ho Chi Minh City"]
[Date "2019.05.06"]
[Round "5"]
[White "Nguyen, Van Huy"]
[Black "Tu, Hoang Thong"]
[Result "1/2-1/2"]
[WhiteElo "2456"]
[BlackElo "2396"]
[PlyCount "40"]
[EventDate "2019.05.02"]
[EventType "swiss"]
[EventRounds "9"]
[EventCountry "VIE"]
[SourceTitle "CBM 190 Extra"]
[Source "ChessBase"]
[SourceDate "2019.07.15"]
[SourceVersion "1"]
[SourceVersionDate "2019.07.15"]
[SourceQuality "1"]

1. d4 f5 2. Nf3 Nf6 3. g3 e6 4. Bg2 d5 5. 0-0 Bd6 6. c4 c6 7. Nc3 0-0 8. Qc2 Ne4 9. Rb1 Nd7 10. b4 a6 11. a4 Kh8 12. b5 axb5 13. axb5 cxb5 14. Nxb5 dxc4 15. Ng5 Ndf6 16. Nxe4 Nxe4 17. Nxd6 Qxd6 18. Qxc4 b5 19. Qb4 Qxb4 20. Rxb4 Bd7 1/2-1/2

[Event "Ho Chi Minh City HD Bank op 9th"]
[Site "Ho Chi Minh City"]
[Date "2019.03.11"]
[Round "7"]
[White "Divya, Deshmukh"]
[Black "Tu, Hoang Thong"]
[Result "1-0"]
[WhiteElo "2266"]
[BlackElo "2416"]
[PlyCount "81"]
[EventDate "2019.03.07"]
[EventType "swiss"]
[EventRounds "9"]
[EventCountry "VIE"]
[SourceTitle "CBM 189 Extra"]
[Source "ChessBase"]
[SourceDate "2019.06.03"]
[SourceVersion "1"]
[SourceVersionDate "2019.06.03"]
[SourceQuality "1"]

1. e4 e5 2. Nf3 Nc6 3. Bc4 Be7 4. d4 d6 5. h3 Nf6 6. d5 Nb8 7. Qe2 c6 8. dxc6 bxc6 9. Nc3 0-0 10. Bg5 Nbd7 11. 0-0-0 Ne8 12. Bxe7 Qxe7 13. g4 Nc5 14. g5 Kh8 15. Qe3 Rb8 16. Nd2 f5 17. f3 Be6 18. Bxe6 Nxe6 19. h4 Qb7 20. Nb3 c5 21. exf5 Rxf5 22. Qe4 Rxf3 23. Qxb7 Rxb7 24. Ne4 Rb6 25. Nbd2 Rf4 26. Rhe1 Ra6 27. Nc4 Nd4 28. c3 Nf5 29. Nxc5 Rxa2 30. Rxe5 dxe5 31. Rd8 Ra1+ 32. Kc2 h5 33. g6 Ne3+ 34. Nxe3 Rf8 35. Nd7 Rg8 36. Nxe5 Nd6 37. Rxd6 Re8 38. Rd5 Rg8 39. Nf5 Rf1 40. Nc6 Re1 41. Nfe7 1-0

[Event "Ho Chi Minh City HD Bank op 9th"]
[Site "Ho Chi Minh City"]
[Date "2019.03.09"]
[Round "4"]
[White "Tu, Hoang Thong"]
[Black "Pranesh, M."]
[Result "1-0"]
[WhiteElo "2416"]
[BlackElo "2309"]
[PlyCount "97"]
[EventDate "2019.03.07"]
[EventType "swiss"]
[EventRounds "9"]
[EventCountry "VIE"]
[SourceTitle "CBM 189 Extra"]
[Source "ChessBase"]
[SourceDate "2019.06.03"]
[SourceVersion "1"]
[SourceVersionDate "2019.06.03"]
[SourceQuality "1"]

1. e4 e6 2. Nf3 d5 3. e5 c5 4. c3 Nc6 5. Na3 Nb8 6. Nb1 Nc6 7. Na3 d4 8. Bd3 Nge7 9. Be4 Ng6 10. Bxc6+ bxc6 11. Qa4 Qd5 12. 0-0 Bb7 13. Nc4 Nf4 14. d3 Nxd3 15. Rd1 Nxc1 16. Raxc1 d3 17. Ne1 Qd8 18. Nxd3 Qc7 19. Qa3 Be7 20. Nd6+ Bxd6 21. exd6 Qxd6 22. Nxc5 Qe7 23. Rd7 Qg5 24. Rcd1 0-0 25. Nxb7 h5 26. Qc5 Qg4 27. h3 Qg6 28. Qxc6 Rac8 29. Qf3 Rc4 30. Qd3 Re4 31. Nc5 Re5 32. Qxg6 fxg6 33. b4 Re2 34. Rd8 Re1+ 35. Rxe1 Rxd8 36. Rxe6 Rd2 37. Ra6 Rc2 38. Ne4 Re2 39. f3 Kh7 40. h4 Rxe4 41. fxe4 g5 42. hxg5 h4 43. b5 h3 44. gxh3 g6 45. Rxa7+ Kg8 46. Rc7 Kf8 47. b6 Ke8 48. b7 Kd8 49. b8Q# 1-0

[Event "Ho Chi Minh City HD Bank op 9th"]
[Site "Ho Chi Minh City"]
[Date "2019.03.08"]
[Round "3"]
[White "Frayna, Janelle Mae"]
[Black "Tu, Hoang Thong"]
[Result "0-1"]
[WhiteElo "2201"]
[BlackElo "2416"]
[PlyCount "96"]
[EventDate "2019.03.07"]
[EventType "swiss"]
[EventRounds "9"]
[EventCountry "VIE"]
[SourceTitle "CBM 189 Extra"]
[Source "ChessBase"]
[SourceDate "2019.06.03"]
[SourceVersion "1"]
[SourceVersionDate "2019.06.03"]
[SourceQuality "1"]

1. Nf3 f5 2. e4 fxe4 3. Ng5 d5 4. d3 Qd6 5. dxe4 h6 6. Nf3 dxe4 7. Nfd2 Nf6 8. Nc3 Bf5 9. Bb5+ Nc6 10. Qe2 0-0-0 11. Nc4 Qe6 12. Bxc6 Qxc6 13. Ne3 e6 14. 0-0 Bc5 15. a4 a6 16. Bd2 Bg6 17. Rfb1 Bh5 18. Qe1 Qd6 19. Nc4 Qc6 20. Ne3 Rd4 21. Ne2 Rxa4 22. Rxa4 Qxa4 23. b4 Bxe3 24. Bxe3 Bxe2 25. Qxe2 Rd8 26. h3 Qa2 27. Re1 b5 28. Bc5 Rd7 29. Kh2 Qd5 30. Qe3 Qd2 31. Qa3 Kb7 32. Ra1 Rd6 33. Bxd6 Qxd6+ 34. g3 Nd5 35. Qb2 Qxb4 36. Qxb4 Nxb4 37. c3 Nd5 38. Rc1 Kb6 39. c4 Nf6 40. cxb5 axb5 41. Kg2 c5 42. Kf1 c4 43. Ke2 Nd5 44. Kd2 Kc5 45. Ra1 c3+ 46. Kc2 Kc4 47. Ra8 Nb4+ 48. Kc1 Kb3 0-1

[Event "VIE-ch"]
[Site "Ho Chi Minh City"]
[Date "2018.04.30"]
[Round "6"]
[White "Tu, Hoang Thong"]
[Black "Tran, Tuan Minh"]
[Result "0-1"]
[WhiteElo "2422"]
[BlackElo "2514"]
[PlyCount "76"]
[EventDate "2018.04.27"]
[EventType "swiss"]
[EventRounds "9"]
[EventCountry "VIE"]
[SourceTitle "CBM 184 Extra"]
[Source "ChessBase"]
[SourceDate "2018.06.28"]
[SourceVersion "1"]
[SourceVersionDate "2018.06.28"]
[SourceQuality "1"]

1. e4 c5 2. Ne2 d6 3. g3 Nf6 4. Bg2 g6 5. c3 Bg7 6. h3 e5 7. d4 0-0 8. 0-0 b5 9. a4 b4 10. f4 Ba6 11. fxe5 dxe5 12. d5 Nbd7 13. b3 c4 14. cxb4 Qb6+ 15. Rf2 Qxb4 16. bxc4 Qxc4 17. Nec3 Nc5 18. Bf1 Qd4 19. Bxa6 Nxa6 20. Qxd4 exd4 21. Bg5 dxc3 22. Bxf6 c2 23. Na3 Bxf6 24. Rxf6 Nb4 25. Rc1 Rac8 26. Rf3 Rfe8 27. d6 Rxe4 28. d7 Rd8 29. Nxc2 Rc4 30. Re1 Rxd7 31. Na3 Rc6 32. Re4 Rc1+ 33. Kg2 Nd3 34. Rfe3 Nc5 35. Rb4 Rd2+ 36. Kf3 Rf1+ 37. Kg4 Kg7 38. Rb5 Rd4+ 0-1

[Event "VIE-ch"]
[Site "Ho Chi Minh City"]
[Date "2018.04.29"]
[Round "4"]
[White "Tran, Quoc Dung"]
[Black "Tu, Hoang Thong"]
[Result "1/2-1/2"]
[WhiteElo "2326"]
[BlackElo "2422"]
[PlyCount "41"]
[EventDate "2018.04.27"]
[EventType "swiss"]
[EventRounds "9"]
[EventCountry "VIE"]
[SourceTitle "CBM 184 Extra"]
[Source "ChessBase"]
[SourceDate "2018.06.28"]
[SourceVersion "1"]
[SourceVersionDate "2018.06.28"]
[SourceQuality "1"]

1. d4 d5 2. c4 e6 3. Nc3 Nf6 4. Bf4 c6 5. e3 Bd6 6. Bxd6 Qxd6 7. Nf3 0-0 8. cxd5 exd5 9. h3 Bf5 10. Bd3 Bxd3 11. Qxd3 Re8 12. 0-0 Nbd7 13. a3 Ne4 14. Rfe1 Nxc3 15. Qxc3 Nf6 16. Nd2 Ne4 17. Nxe4 Rxe4 18. Rac1 h6 19. Qc5 Qxc5 20. Rxc5 Kf8 21. Kf1 1/2-1/2

[Event "Hanoi HD Bank op-A 8th"]
[Site "Hanoi"]
[Date "2018.03.12"]
[Round "4"]
[White "Tu, Hoang Thong"]
[Black "Mithil, Ajgaonkar"]
[Result "1/2-1/2"]
[WhiteElo "2414"]
[BlackElo "2222"]
[PlyCount "58"]
[EventDate "2018.03.10"]
[EventType "swiss"]
[EventRounds "9"]
[EventCountry "VIE"]
[SourceTitle "CBM 183 Extra"]
[Source "ChessBase"]
[SourceDate "2018.04.19"]
[SourceVersion "1"]
[SourceVersionDate "2018.04.19"]
[SourceQuality "1"]

1. f4 d5 2. Nf3 g6 3. g3 Bg7 4. Bg2 Nf6 5. 0-0 0-0 6. d3 c6 7. e3 Nbd7 8. Nc3 Re8 9. d4 Rf8 10. h3 Ne8 11. e4 dxe4 12. Nxe4 Nd6 13. Nf2 c5 14. d5 b5 15. Re1 Bb7 16. a4 Nb6 17. axb5 Bxd5 18. Qe2 e6 19. Ne5 Nf5 20. Bxd5 exd5 21. g4 Nd4 22. Qd3 Qe8 23. Be3 Qxb5 24. Qxb5 Nxb5 25. Bxc5 Rfc8 26. b4 Nc4 27. Nfd3 a5 28. bxa5 Rxa5 29. Rxa5 Nxa5 1/2-1/2

[Event "Hanoi HD Bank op-A 8th"]
[Site "Hanoi"]
[Date "2018.03.10"]
[Round "2"]
[White "Tu, Hoang Thong"]
[Black "Aravindh, Chithambaram VR"]
[Result "0-1"]
[WhiteElo "2414"]
[BlackElo "2617"]
[PlyCount "184"]
[EventDate "2018.03.10"]
[EventType "swiss"]
[EventRounds "9"]
[EventCountry "VIE"]
[SourceTitle "CBM 183 Extra"]
[Source "ChessBase"]
[SourceDate "2018.04.19"]
[SourceVersion "1"]
[SourceVersionDate "2018.04.19"]
[SourceQuality "1"]

1. d4 Nf6 2. Nf3 d5 3. Bf4 g6 4. Nc3 Bg7 5. Nb5 Na6 6. e3 c6 7. Na3 Bg4 8. Be2 Qb6 9. Rb1 0-0 10. 0-0 c5 11. h3 Bxf3 12. Bxf3 Nb4 13. c3 Nc6 14. b4 cxb4 15. cxb4 Rfc8 16. Qb3 e6 17. Rfc1 Bf8 18. Nc2 Ne8 19. Ne1 Qxb4 20. Qxb4 Nxb4 21. Rxc8 Rxc8 22. a3 Nc6 23. Rxb7 Bxa3 24. Nd3 Bd6 25. Ne5 Bxe5 26. Bxe5 a5 27. Bf4 Ra8 28. Rb6 Ne7 29. Rb3 a4 30. Ra3 Nc8 31. Bd1 Nb6 32. Kf1 Kf8 33. Ke2 Ke7 34. Kd3 Nd6 35. Ra2 Nb5 36. f3 a3 37. Bg3 Nc4 38. Be1 Nb2+ 39. Ke2 Kd7 40. Bb4 Rc8 41. Bb3 Rb8 42. Kd2 Nd6 43. Kc3 Nb5+ 44. Kd2 Nd6 45. Kc3 Rc8+ 46. Bc5 Nb5+ 47. Kd2 Rxc5 48. dxc5 Kc6 49. Ra1 Kxc5 50. Rc1+ Kb4 51. Ba2 Na4 52. Rb1+ Nb2 53. Rc1 Nc4+ 54. Kd3 Nbd6 55. e4 Nb2+ 56. Kc2 dxe4 57. fxe4 Nxe4 58. Rf1 Nd6 59. Rf4+ Kc5 60. Rf3 Kb4 61. Rf4+ Kc5 62. Rf3 Nbc4 63. Bxc4 Kxc4 64. Rxa3 Kd4 65. Kd1 h5 66. Ke2 Ke5 67. Kf3 h4 68. Ra5+ Kf6 69. Kg4 Nf5 70. Kf4 g5+ 71. Kg4 Kg6 72. Re5 Nh6+ 73. Kf3 Ng8 74. g3 hxg3 75. Kxg3 Ne7 76. Re1 Nf5+ 77. Kg4 Nd4 78. Kg3 f5 79. Ra1 Kh5 80. Ra6 e5 81. Ra5 e4 82. Kg2 Nf3 83. Kf2 f4 84. Ra6 Nd4 85. Ra4 e3+ 86. Kf1 Nf5 87. Kg2 Nh4+ 88. Kf1 f3 89. Re4 Ng2 90. Rxe3 Nxe3+ 91. Kf2 Nd5 92. Kxf3 Kh4 0-1

[Event "VIE-chT"]
[Site "Ho Chi Minh City"]
[Date "2017.07.28"]
[Round "8.11"]
[White "Nguyen, Phuoc Tam"]
[Black "Tu, Hoang Thong"]
[Result "1/2-1/2"]
[WhiteElo "2042"]
[BlackElo "2391"]
[PlyCount "79"]
[EventDate "2017.07.24"]
[EventType "team-swiss"]
[EventRounds "9"]
[EventCountry "VIE"]
[SourceTitle "EXT 2019"]
[Source "ChessBase"]
[SourceDate "2018.10.10"]
[SourceVersion "1"]
[SourceVersionDate "2018.10.10"]
[SourceQuality "1"]

1. d4 f5 2. c4 Nf6 3. Nf3 g6 4. g3 Bg7 5. Bg2 0-0 6. 0-0 d6 7. Nc3 Nc6 8. d5 Na5 9. Qd3 c5 10. Ng5 a6 11. Bd2 Rb8 12. Rab1 b5 13. cxb5 c4 14. Qc2 axb5 15. b4 cxb3 16. axb3 Bd7 17. Ne6 Bxe6 18. dxe6 Qc8 19. Qd3 Nc6 20. Nd5 Nxd5 21. Qxd5 Nd4 22. Bf3 Nxe6 23. Rbc1 Qd7 24. Bc3 Rfc8 25. Bxg7 Kxg7 26. Bg2 b4 27. e4 Rc5 28. Rxc5 Nxc5 29. e5 Qe6 30. exd6 Qxd5 31. Bxd5 exd6 32. Ra1 Kf6 33. f4 h6 34. Ra7 g5 35. Rf7+ Kg6 36. Re7 Rb6 37. Re8 Ra6 38. Rg8+ Kf6 39. Rf8+ Kg6 40. Rg8+ 1/2-1/2

[Event "VIE-chT"]
[Site "Ho Chi Minh City"]
[Date "2017.07.27"]
[Round "6.6"]
[White "Nguyen, Dang Hong Phuc"]
[Black "Tu, Hoang Thong"]
[Result "1/2-1/2"]
[WhiteElo "2169"]
[BlackElo "2391"]
[PlyCount "46"]
[EventDate "2017.07.24"]
[EventType "team-swiss"]
[EventRounds "9"]
[EventCountry "VIE"]
[SourceTitle "EXT 2019"]
[Source "ChessBase"]
[SourceDate "2018.10.10"]
[SourceVersion "1"]
[SourceVersionDate "2018.10.10"]
[SourceQuality "1"]

1. d4 d5 2. Nf3 Nc6 3. Bf4 Bg4 4. e3 e6 5. Be2 Bd6 6. Bxd6 cxd6 7. c4 dxc4 8. Bxc4 d5 9. Bb5 Qa5+ 10. Nc3 Nge7 11. Qa4 0-0 12. Qxa5 Nxa5 13. Ne5 Bf5 14. g4 Bg6 15. Be2 Rfc8 16. Rc1 f6 17. Nxg6 hxg6 18. b3 g5 19. Kd2 Nac6 20. Bb5 Kf7 21. h4 gxh4 22. Rxh4 a6 23. Bxc6 Rxc6 1/2-1/2

[Event "VIE-ch"]
[Site "Hanoi"]
[Date "2017.04.20"]
[Round "6"]
[White "Nguyen, Duc Hoa"]
[Black "Tu, Hoang Thong"]
[Result "1/2-1/2"]
[WhiteElo "2492"]
[BlackElo "2407"]
[PlyCount "122"]
[EventDate "2017.04.16"]
[EventType "swiss"]
[EventRounds "11"]
[EventCountry "VIE"]
[SourceTitle "CBM 178 Extra"]
[Source "ChessBase"]
[SourceDate "2017.06.22"]
[SourceVersion "1"]
[SourceVersionDate "2017.06.22"]
[SourceQuality "1"]

1. d4 f5 2. c4 Nf6 3. g3 e6 4. Bg2 c6 5. Nh3 Be7 6. 0-0 d6 7. Nc3 0-0 8. e4 e5 9. dxe5 dxe5 10. Qe2 fxe4 11. Nxe4 Nxe4 12. Qxe4 Qd4 13. Re1 Qxe4 14. Rxe4 Bd6 15. Ng5 Na6 16. Re1 Nc5 17. Ne4 Nxe4 18. Bxe4 Bb4 19. Rf1 Bc5 20. Kg2 Bd4 21. Rb1 a5 22. a4 Be6 23. b3 Rab8 24. Ba3 Rf7 25. f3 Rd8 26. Rfd1 Rfd7 27. Rd3 Bb6 28. Rbd1 Rxd3 29. Rxd3 Rxd3 30. Bxd3 Kf7 31. Bd6 Bd4 32. h4 h5 33. Kf1 g6 34. Bc7 Bc3 35. Ke2 Kf6 36. Bd8+ Kf7 37. Be4 Bb4 38. Bc7 Kf6 39. Bd8+ Kf7 40. Kf2 Bc5+ 41. Kg2 Bb4 42. Bc2 Be1 43. Bd1 Bf5 44. g4 Bd3 45. gxh5 gxh5 46. f4 exf4 47. Bxh5+ Ke6 48. Bg4+ Ke5 49. h5 Bc2 50. h6 Bb4 51. Bd1 Be4+ 52. Bf3 Bc2 53. Bd1 Be4+ 54. Kh3 Bf8 55. Bc7+ Kf5 56. h7 Bg7 57. Bxa5 Ke6 58. Kg4 Bxh7 59. Kxf4 Bd4 60. Bc7 Bg1 61. Kg3 Bd4 1/2-1/2

[Event "VIE-ch"]
[Site "Hanoi"]
[Date "2017.04.20"]
[Round "7"]
[White "Tu, Hoang Thong"]
[Black "Vo, Thanh Ninh"]
[Result "1/2-1/2"]
[WhiteElo "2407"]
[BlackElo "2414"]
[PlyCount "40"]
[EventDate "2017.04.16"]
[EventType "swiss"]
[EventRounds "11"]
[EventCountry "VIE"]
[SourceTitle "CBM 178 Extra"]
[Source "ChessBase"]
[SourceDate "2017.06.22"]
[SourceVersion "1"]
[SourceVersionDate "2017.06.22"]
[SourceQuality "1"]

1. Nf3 Nf6 2. c4 e6 3. g3 d5 4. d4 dxc4 5. Bg2 a6 6. 0-0 Nc6 7. Nc3 Bd7 8. Ne5 Na5 9. Bd2 Bb4 10. Ne4 Bxd2 11. Qxd2 Nxe4 12. Bxe4 Nc6 13. Nxc4 0-0 14. Rac1 Rb8 15. e3 Ne7 16. Ne5 Ng6 17. Nd3 Bb5 18. Rfd1 Bxd3 19. Qxd3 c6 20. Rc5 Qe7 1/2-1/2

[Event "Ho Chi Minh City HD Bank op 7th"]
[Site "Ho Chi Minh City"]
[Date "2017.03.16"]
[Round "7"]
[White "Tu, Hoang Thong"]
[Black "Puranik, Abhimanyu Sameer"]
[Result "1-0"]
[WhiteElo "2392"]
[BlackElo "2477"]
[PlyCount "59"]
[EventDate "2017.03.12"]
[EventType "swiss"]
[EventRounds "9"]
[EventCountry "VIE"]
[SourceTitle "CBM 177 Extra"]
[Source "ChessBase"]
[SourceDate "2017.04.27"]
[SourceVersion "1"]
[SourceVersionDate "2017.04.27"]
[SourceQuality "1"]

1. Nf3 Nf6 2. c4 c6 3. g3 g6 4. b4 Bg7 5. Bb2 0-0 6. Bg2 d6 7. 0-0 e5 8. d3 h6 9. Nbd2 Be6 10. Qc2 Nbd7 11. a4 Ne8 12. a5 a6 13. d4 f5 14. dxe5 dxe5 15. e4 f4 16. c5 g5 17. Rfd1 Qe7 18. Ra3 Nc7 19. Nc4 Nb5 20. Rad3 Bg4 21. Nd6 fxg3 22. hxg3 Kh8 23. Nf5 Bxf5 24. exf5 Rad8 25. Qd2 Rf7 26. Bh3 Bf6 27. Bg4 Nd4 28. Nxd4 exd4 29. Bxd4 Rdf8 30. Re1 1-0

[Event "Ho Chi Minh City HD Bank op 7th"]
[Site "Ho Chi Minh City"]
[Date "2017.03.14"]
[Round "5"]
[White "Antonio, Rogelio Jr"]
[Black "Tu, Hoang Thong"]
[Result "1/2-1/2"]
[WhiteElo "2465"]
[BlackElo "2392"]
[PlyCount "24"]
[EventDate "2017.03.12"]
[EventType "swiss"]
[EventRounds "9"]
[EventCountry "VIE"]
[SourceTitle "CBM 177 Extra"]
[Source "ChessBase"]
[SourceDate "2017.04.27"]
[SourceVersion "1"]
[SourceVersionDate "2017.04.27"]
[SourceQuality "1"]

1. e4 Nc6 2. Nf3 d6 3. d4 Nf6 4. c3 g6 5. Bd3 Bg7 6. 0-0 0-0 7. h3 e5 8. Re1 Re8 9. d5 Ne7 10. c4 c5 11. Nc3 Rf8 12. Bf1 Ne8 1/2-1/2

[Event "VIE-ch"]
[Site "Vietnam"]
[Date "2016.04.28"]
[Round "2"]
[White "Tu, Hoang Thong"]
[Black "Tran, Quoc Dung"]
[Result "0-1"]
[WhiteElo "2391"]
[BlackElo "2286"]
[PlyCount "101"]
[EventDate "2016.04.27"]
[EventType "swiss"]
[EventRounds "9"]
[EventCountry "VIE"]
[SourceTitle "CBM 172 Extra"]
[Source "ChessBase"]
[SourceDate "2016.06.21"]
[SourceVersion "1"]
[SourceVersionDate "2016.06.21"]
[SourceQuality "1"]

1. b3 d5 2. Bb2 c5 3. e3 Nc6 4. f4 Nf6 5. Nf3 a6 6. Be2 g6 7. 0-0 Bg7 8. Qe1 d4 9. Ne5 Nb4 10. Na3 0-0 11. Bf3 Nfd5 12. exd4 cxd4 13. Qe4 f6 14. Qxd4 fxe5 15. fxe5 Be6 16. Rae1 Rc8 17. Bd1 Rxf1+ 18. Rxf1 Nc6 19. Qe4 Bf5 20. Rxf5 gxf5 21. Qxf5 Kh8 22. Bf3 Qb6+ 23. Kf1 Rf8 24. Qe4 e6 25. Nc4 Qc7 26. g3 Qf7 27. Kg2 Qg6 28. Qxg6 hxg6 29. Bg4 b5 30. Nd6 Bxe5 31. Bxe5+ Nxe5 32. Bxe6 Rf6 33. Bxd5 Rxd6 34. c4 Kg7 35. Kf2 bxc4 36. bxc4 Nd3+ 37. Ke3 Nb4 38. Be4 Nxa2 39. d4 Nb4 40. d5 a5 41. Kd4 a4 42. Kc5 a3 43. Bb1 Ra6 44. Kxb4 Rb6+ 45. Kxa3 Rxb1 46. h4 Kf6 47. g4 Ke5 48. h5 gxh5 49. gxh5 Kd6 50. h6 Kc5 51. h7 0-1

[Event "Ho Chi Minh City HD Bank op-A 6th"]
[Site "Ho Chi Minh City"]
[Date "2016.03.12"]
[Round "8"]
[White "Pascua, Haridas"]
[Black "Tu, Hoang Thong"]
[Result "1/2-1/2"]
[WhiteElo "2435"]
[BlackElo "2394"]
[PlyCount "55"]
[EventDate "2016.03.08"]
[EventType "swiss"]
[EventRounds "9"]
[EventCountry "VIE"]
[SourceTitle "CBM 171 Extra"]
[Source "ChessBase"]
[SourceDate "2016.04.26"]
[SourceVersion "1"]
[SourceVersionDate "2016.04.26"]
[SourceQuality "1"]

1. d4 e6 2. c4 Nf6 3. Nc3 d5 4. Nf3 Nbd7 5. Bg5 Bb4 6. e3 c5 7. cxd5 exd5 8. a3 Bxc3+ 9. bxc3 Qa5 10. Qb3 Ne4 11. Rc1 cxd4 12. exd4 Nxg5 13. Nxg5 0-0 14. Be2 Re8 15. Rc2 Nb6 16. 0-0 Bd7 17. Rd2 h6 18. Nf3 Rxe2 19. Rxe2 Bb5 20. Rfe1 Bxe2 21. Rxe2 Rc8 22. Re3 Qa4 23. Qb2 Qd1+ 24. Re1 Qd3 25. Re3 Qd1+ 26. Re1 Qd3 27. Re3 Qd1+ 28. Re1 1/2-1/2

[Event "Ho Chi Minh City HD Bank op-A 6th"]
[Site "Ho Chi Minh City"]
[Date "2016.03.10"]
[Round "4"]
[White "Tu, Hoang Thong"]
[Black "Vo Dai Hoai, Duc"]
[Result "1-0"]
[WhiteElo "2394"]
[BlackElo "2248"]
[PlyCount "85"]
[EventDate "2016.03.08"]
[EventType "swiss"]
[EventRounds "9"]
[EventCountry "VIE"]
[SourceTitle "CBM 171 Extra"]
[Source "ChessBase"]
[SourceDate "2016.04.26"]
[SourceVersion "1"]
[SourceVersionDate "2016.04.26"]
[SourceQuality "1"]

1. e4 c5 2. Nf3 e6 3. b3 a6 4. Bb2 Nc6 5. Be2 d6 6. d4 cxd4 7. Nxd4 Bd7 8. Nc3 Nf6 9. Qd2 Qc7 10. 0-0-0 Nxd4 11. Qxd4 Rc8 12. Kb1 Bc6 13. Rd2 Be7 14. h4 b5 15. a3 Qb7 16. f3 e5 17. Qe3 a5 18. Qd3 Rb8 19. Nd5 Bxd5 20. exd5 0-0 21. g4 Rfc8 22. f4 Rc5 23. Bf3 exf4 24. Qd4 Bf8 25. Qxf4 Nd7 26. h5 a4 27. Be4 Ne5 28. Qf5 g6 29. hxg6 fxg6 30. Qe6+ Qf7 31. Bxe5 Qxe6 32. dxe6 Rxe5 33. Bd5 Kh8 34. Rdd1 b4 35. bxa4 bxa3+ 36. Ka2 Rb2+ 37. Kxa3 Rxc2 38. Rhe1 Rc5 39. Bb3 h5 40. gxh5 gxh5 41. Rxe5 dxe5 42. Ka2 Rc7 43. Rd7 1-0

[Event "VIE-ch"]
[Site "Ho Chi Minh City"]
[Date "2015.04.21"]
[Round "6"]
[White "Nguyen, Duc Hoa"]
[Black "Tu, Hoang Thong"]
[Result "1-0"]
[WhiteElo "2516"]
[BlackElo "2414"]
[PlyCount "93"]
[EventDate "2015.04.18"]
[EventType "swiss"]
[EventRounds "11"]
[EventCountry "VIE"]
[SourceTitle "CBM 166 Extra"]
[Source "ChessBase"]
[SourceDate "2015.06.18"]
[SourceVersion "1"]
[SourceVersionDate "2015.06.18"]
[SourceQuality "1"]

1. d4 e6 2. e4 d5 3. Nd2 Be7 4. Ngf3 Nf6 5. Bd3 c5 6. exd5 Qxd5 7. dxc5 Qxc5 8. Qe2 Nbd7 9. 0-0 Qc7 10. c4 b6 11. b3 Bb7 12. Bb2 Rd8 13. Rad1 0-0 14. Ne4 Qf4 15. Bc1 Qc7 16. Bb1 h6 17. Bb2 Nxe4 18. Bxe4 Bxe4 19. Qxe4 Bf6 20. Bxf6 Nxf6 21. Qe5 Qb7 22. Rd4 Rxd4 23. Qxd4 Rc8 24. Rd1 a6 25. Ne5 b5 26. h3 bxc4 27. Nxc4 Qc6 28. Qa7 Ra8 29. Qxf7+ Kxf7 30. Ne5+ Ke8 31. Nxc6 Rc8 32. Rd6 Kf7 33. Ne5+ Ke7 34. Rxa6 Rc1+ 35. Kh2 Rc2 36. Ra7+ Kf8 37. a4 Rxf2 38. a5 Nd5 39. a6 Ra2 40. Rf7+ Kg8 41. a7 Ne3 42. Rd7 Kh7 43. Nc6 Rxg2+ 44. Kh1 Ra2 45. Rd8 Nf5 46. a8Q Ng3+ 47. Kg1 1-0

[Event "Ho Chi Minh City HD Bank op 5th"]
[Site "Ho Chi Minh City"]
[Date "2015.03.21"]
[Round "8"]
[White "Le, Kieu Thien Kim"]
[Black "Tu, Hoang Thong"]
[Result "1-0"]
[WhiteElo "2138"]
[BlackElo "2414"]
[PlyCount "87"]
[EventDate "2015.03.17"]
[EventType "swiss"]
[EventRounds "9"]
[EventCountry "VIE"]
[SourceTitle "CBM 165 Extra"]
[Source "ChessBase"]
[SourceDate "2015.04.21"]
[SourceVersion "1"]
[SourceVersionDate "2015.04.21"]
[SourceQuality "1"]

1. d4 Nf6 2. Bf4 b6 3. e3 Bb7 4. c4 g6 5. Nc3 Bg7 6. Nf3 0-0 7. Be2 d6 8. h3 Nbd7 9. 0-0 a6 10. Rc1 e6 11. Qc2 Qe7 12. Rfd1 Nh5 13. Bh2 f5 14. b4 f4 15. e4 e5 16. dxe5 dxe5 17. Nd5 Bxd5 18. cxd5 Ra7 19. a3 h6 20. Qb3 Kh7 21. Rc6 Rf6 22. Rdc1 Nb8 23. R6c4 Rd6 24. Qc2 Rd7 25. g3 g5 26. Nxe5 Bxe5 27. Bxh5 Qd6 28. gxf4 gxf4 29. Bxf4 Kg8 30. Bxe5 Qxe5 31. Bg4 Rg7 32. Kh1 Nd7 33. Qc3 Qf4 34. Bxd7 Rxd7 35. Qg3+ Qxg3 36. fxg3 Kg7 37. Kg2 Kf6 38. Kf3 Ke5 39. Ke3 h5 40. Rc6 Rd6 41. Rxc7 Rxc7 42. Rxc7 Rg6 43. Re7+ Kd6 44. Re6+ 1-0

[Event "Ho Chi Minh City HD Bank op 5th"]
[Site "Ho Chi Minh City"]
[Date "2015.03.20"]
[Round "6"]
[White "Nguyen, Thi Mai Hung"]
[Black "Tu, Hoang Thong"]
[Result "0-1"]
[WhiteElo "2248"]
[BlackElo "2414"]
[PlyCount "102"]
[EventDate "2015.03.17"]
[EventType "swiss"]
[EventRounds "9"]
[EventCountry "VIE"]
[SourceTitle "CBM 165 Extra"]
[Source "ChessBase"]
[SourceDate "2015.04.21"]
[SourceVersion "1"]
[SourceVersionDate "2015.04.21"]
[SourceQuality "1"]

1. d4 c5 2. d5 f5 3. c4 Nf6 4. Nc3 g6 5. Nf3 d6 6. Qc2 Bg7 7. Bf4 0-0 8. e3 Qa5 9. Nd2 a6 10. Be2 Bd7 11. 0-0 b5 12. a3 Qb6 13. b4 Rc8 14. Rab1 cxb4 15. Rxb4 a5 16. Rbb1 b4 17. Qa2 Na6 18. Rfc1 Rab8 19. Nd1 Nc5 20. Nb3 Nxb3 21. Qxb3 Ne4 22. axb4 Nd2 23. Qc2 Nxb1 24. Rxb1 axb4 25. Bd3 b3 26. Qe2 Ra8 27. h4 Ra1 28. Rxa1 Bxa1 29. e4 Bf6 30. e5 dxe5 31. Bxe5 Bxh4 32. Qb2 Ra8 33. Bd4 Qb4 34. Bc3 Qa3 35. Qd2 Bf6 36. Bxf6 exf6 37. Kh2 Qd6+ 38. g3 Qe5 39. Nc3 f4 40. gxf4 Qh5+ 41. Kg1 Ra1+ 42. Nb1 Qf3 43. Qe3 Qd1+ 44. Kh2 Rxb1 45. Bxb1 Qxb1 46. c5 Qd1 47. c6 Qh5+ 48. Kg1 b2 49. Qb6 Qg4+ 50. Kh2 Qxf4+ 51. Kg1 Bh3 0-1